| 000 | 00470nam a22001457a 4500 | ||
|---|---|---|---|
| 008 | 230221b |||||||| |||| 00| 0 eng d | ||
| 040 |
_aNational Science Library _cNational Science Library |
||
| 080 |
_a624:681.3.062 _bN3 |
||
| 100 | _aMukhopadhyay, Madhujit | ||
| 245 | _aMatrix, finite elements computer and structural analysis | ||
| 260 |
_aNew Delhi: _bOxford & IBH Publishing Co. Pvt. Ltd., _c1984 |
||
| 300 | _a423p. | ||
| 650 | _aScience | ||
| 942 |
_2udc _cBK |
||
| 999 |
_c46989 _d46989 |
||